000 00248nam a2200109Ia 4500
008 200302s9999 xx 000 0 und d
100 _aAldo Massa
245 _aThe World of Pompeii
260 _bEditions Minerva
260 _c1972
300 _a143 P.,
999 _c5667
_d5667